Les pièces hydrauliques - Statistiques

Statistiques générales
  • Ce quiz a été pris 58 fois
  • Le résultat moyen est 2 sur 7
Statistiques - réponses
Hint Réponse % Correct
V Vanne
92%
C Coude d'alimentation
44%
Retenue
42%
Raccord intermédiaire
4%
Collecteurs d'alimentation
2%
Raccords de réduction
2%
R Raccords Symétrique
2%
Aucun quiz correspondant
Distribution des résultats
% des personnes avec chaque résultat
Percentile par nombre de réponses
Votre historique - résultats
Vous n’avez pas pris ce quiz